000 01381cad a22002655a 4500
001 L160220
008 190409s2019 xxk f 000 0 eng d
020 _a9781783213528
035 _a(Sirsi) u160220
041 0 _aeng
100 1 _aEwart, Rebecca
245 0 4 _aThe use and value of commercial property data
_h[electronic resource]
260 _aLondon
_bRICS
_c2019
490 0 _aRICS Insights
490 0 _aRICS Practice Information
500 _aThis document was originally published in April 2019 as an RICS insight paper and reissued in September 2024 as RICS practice information
520 _aDiscusses the benefits of and challenges to an increasing use of data in the commercial property market. It considers not only its availability and quality but also the skills needed by surveyors to recognise its uses and maximise the value in analysing it. It deals with the ownership of data, its security and regulation and also makes predictions and recommendations for the future of a property world full of accurate, easily available data.
651 4 _aUnited Kingdom
690 _aCommercial property
_96227
690 _aValuation
_96273
700 1 _aWaller, Andrew
700 1 _aWebster, Neil
856 4 0 _uhttps://www.rics.org/news-insights/research-and-insights/the-use-and-value-of-commercial-property-data
_zView at www.rics.org
942 _n0
_2ddc
999 _c116282
_d116282